Itzy In Every MV - Statistics

General Stats
  • This quiz has been taken 105 times
  • The average score is 17 of 24
Answer Stats
Picture Answer % Correct
Wannabe
94%
Cake
93%
Loco
88%
Icy
87%
Sneakers
85%
Imaginary Friend
84%
Not Shy
84%
Dalla Dalla
82%
Mafia In The Morning
82%
Boys Like You
81%
Mr. Vampire
81%
Untouchable
81%
Born To Be
79%
Cheshire
74%
Voltage
69%
Bet On Me
66%
Blah Blah Blah
63%
Swipe
62%
Algorhythm
57%
Ringo
56%
None of My Business
50%
Sugarholic
47%
Twenty
46%
Break Ice
40%
No matching quizzes found
Score Distribution
Percent of People with Each Score
Percentile by Number Answered
Your Score History
You have not taken this quiz